000 004250000a22001810004500
003 MACL
005 20150714153221.0
008 150714b xxu||||| |||| 00| 0 eng d
040 _aMACL
_cMACL
041 _aEnglish
082 _a323/ANT
100 _aAntony, M J
_92084
245 _aWomen's Rights
260 _bClarion Books
_c1989
_aNew Delhi
350 _a80
650 _aPolitical Right
_92065
942 _cBK
_k323
_2ddc
999 _c5133
_d5133